MARC details
| 000 -LEADER |
| fixed length control field |
03685cgm a2200841Mi 4500 |
| 001 - CONTROL NUMBER |
| control field |
on1011546250 |
| 003 - CONTROL NUMBER IDENTIFIER |
| control field |
OCoLC |
| 005 - DATE AND TIME OF LATEST TRANSACTION |
| control field |
20200625095633.0 |
| 007 - PHYSICAL DESCRIPTION FIXED FIELD--GENERAL INFORMATION |
| fixed length control field |
vd cvaizq |
| 008 - FIXED-LENGTH DATA ELEMENTS--GENERAL INFORMATION |
| fixed length control field |
160826s2016 cau115 g vleng d |
| 040 ## - CATALOGING SOURCE |
| Original cataloging agency |
SMP |
| Language of cataloging |
eng |
| Description conventions |
rda |
| Transcribing agency |
SMP |
| Modifying agency |
OCLCO |
| -- |
OCLCF |
| -- |
SDG |
| -- |
OCLCQ |
| -- |
OCLCA |
| -- |
WACOL |
| 024 1# - OTHER STANDARD IDENTIFIER |
| Standard number or code |
032429255327 |
| 024 7# - OTHER STANDARD IDENTIFIER |
| Standard number or code |
00032429255327 |
| Source of number or code |
gtin-14 |
| 028 42 - PUBLISHER NUMBER |
| Publisher number |
59182728000 |
| Source |
Paramount |
| 035 ## - SYSTEM CONTROL NUMBER |
| System control number |
(OCoLC)1011546250 |
| 041 1# - LANGUAGE CODE |
| Language code of text/sound track or separate title |
eng |
| -- |
eng |
| -- |
fre |
| -- |
spa |
| Language code of original and/or intermediate translations of text |
eng |
| 046 ## - SPECIAL CODED DATES |
| Beginning or single date created |
2002 |
| 050 14 - LIBRARY OF CONGRESS CALL NUMBER |
| Classification number |
PN1997.2 |
| Item number |
.R56 2016 |
| 082 04 - DEWEY DECIMAL CLASSIFICATION NUMBER |
| Classification number |
791.43/72 |
| Edition number |
23 |
| 092 ## - LOCALLY ASSIGNED DEWEY CALL NUMBER (OCLC) |
| Classification number |
DVD |
| Item number |
Rin |
| 049 ## - LOCAL HOLDINGS (OCLC) |
| Holding library |
WACL |
| 245 04 - TITLE STATEMENT |
| Title |
The ring / |
| Statement of responsibility, etc |
produced by Laurie MacDonald, Walter F. Parkes ; written by Ehren Kruger ; directed by Gore Verbinski. |
| 264 #1 - Production, Publication, Distribution, Manufacture, and Copyright Notice. |
| Place of production, publication, distribution, manufacture |
Hollywood, California : |
| Name of producer, publisher, distributor, manufacturer |
Paramount, |
| Date of production, publication, distribution, manufacture, or copyr |
[2016] |
| 300 ## - PHYSICAL DESCRIPTION |
| Extent |
1 videodisc (115 min.) : |
| Other physical details |
sound, color ; |
| Dimensions |
4 3/4 in. |
| 336 ## - Content Type |
| Content type term |
two-dimensional moving image |
| 337 ## - Media type |
| Media type term |
video |
| 338 ## - Carrier type |
| Carrier type term |
videodisc |
| 344 ## - |
| -- |
digital |
| -- |
optical |
| -- |
surround |
| -- |
Dolby digital 5.1 |
| -- |
rda |
| 346 ## - |
| -- |
NTSC |
| -- |
rda |
| 347 ## - |
| -- |
video file |
| -- |
DVD video |
| -- |
region 1 |
| -- |
rda |
| 380 ## - |
| -- |
Motion picture |
| 500 ## - GENERAL NOTE |
| General note |
Originally released as a motion picture in 2002. |
| 546 ## - LANGUAGE NOTE |
| Language note |
In English with optional French or Spanish subtitles. |
| 546 ## - LANGUAGE NOTE |
| Language note |
Closed-captioned. |
| 511 1# - PARTICIPANT OR PERFORMER NOTE |
| Participant or performer note |
Naomi Watts, Martin Henderson, David Dorfman, Brian Cox, Jane Alexander. |
| 500 ## - GENERAL NOTE |
| General note |
Based on the novel "Ringu" by Kji Suzuki. |
| 500 ## - GENERAL NOTE |
| General note |
Remake of "Ringu" (1998). |
| 500 ## - GENERAL NOTE |
| General note |
Dolby digital 5.1, wide screen 1.85:1. |
| 520 ## - SUMMARY, ETC. |
| Summary, etc |
A journalist begins investigating allegations that people are dying seven days after watching a videotape containing cryptic images. |
| 540 ## - TERMS GOVERNING USE AND REPRODUCTION NOTE |
| Terms governing use and reproduction |
For private home use only. |
| 521 8# - TARGET AUDIENCE NOTE |
| Target audience note |
MPAA rating: Not rated. |
| 508 ## - CREATION/PRODUCTION CREDITS NOTE |
| Creation/production credits note |
Produced by Laurie MacDonald, Walter F. Parkes ; written by Ehren Kruger. |
| 521 ## - TARGET AUDIENCE NOTE |
| Target audience note |
DVD |
| Source |
Amazon |
| 600 10 - SUBJECT ADDED ENTRY--PERSONAL NAME |
| Personal name |
Suzuki, K�oji, |
| Dates associated with a name |
1957- |
| Form subdivision |
Film adaptations. |
| 9 (RLIN) |
6363645 |
| 650 #0 - SUBJECT ADDED ENTRY--TOPICAL TERM |
| Topical term or geographic name as entry element |
Ghost plays. |
| 9 (RLIN) |
5718405 |
| 650 #0 - SUBJECT ADDED ENTRY--TOPICAL TERM |
| Topical term or geographic name as entry element |
Supernatural |
| Form subdivision |
Drama. |
| 9 (RLIN) |
5679230 |
| 600 17 - SUBJECT ADDED ENTRY--PERSONAL NAME |
| Personal name |
Suzuki, K�oji, |
| Dates associated with a name |
1957- |
| Source of heading or term |
fast |
| -- |
(OCoLC)fst00383288 |
| 9 (RLIN) |
6363646 |
| 650 #7 - SUBJECT ADDED ENTRY--TOPICAL TERM |
| Topical term or geographic name as entry element |
Ghost plays. |
| Source of heading or term |
fast |
| -- |
(OCoLC)fst00942390 |
| 9 (RLIN) |
5718405 |
| 650 #7 - SUBJECT ADDED ENTRY--TOPICAL TERM |
| Topical term or geographic name as entry element |
Supernatural. |
| Source of heading or term |
fast |
| -- |
(OCoLC)fst01138960 |
| 9 (RLIN) |
6363647 |
| 655 #7 - INDEX TERM--GENRE/FORM |
| Genre/form data or focus term |
Detective and mystery films. |
| Source of term |
fast |
| -- |
(OCoLC)fst01710476 |
| 9 (RLIN) |
5674335 |
| 655 #7 - INDEX TERM--GENRE/FORM |
| Genre/form data or focus term |
Drama. |
| Source of term |
fast |
| -- |
(OCoLC)fst01423879 |
| 9 (RLIN) |
6363648 |
| 655 #7 - INDEX TERM--GENRE/FORM |
| Genre/form data or focus term |
Feature films. |
| Source of term |
fast |
| -- |
(OCoLC)fst01710384 |
| 9 (RLIN) |
6363649 |
| 655 #7 - INDEX TERM--GENRE/FORM |
| Genre/form data or focus term |
Fiction films. |
| Source of term |
fast |
| -- |
(OCoLC)fst01710264 |
| 9 (RLIN) |
6363650 |
| 655 #7 - INDEX TERM--GENRE/FORM |
| Genre/form data or focus term |
Film adaptations. |
| Source of term |
fast |
| -- |
(OCoLC)fst01710491 |
| 9 (RLIN) |
6363651 |
| 655 #7 - INDEX TERM--GENRE/FORM |
| Genre/form data or focus term |
Film remakes. |
| Source of term |
fast |
| -- |
(OCoLC)fst01710426 |
| 9 (RLIN) |
5712683 |
| 655 #7 - INDEX TERM--GENRE/FORM |
| Genre/form data or focus term |
Horror films. |
| Source of term |
fast |
| -- |
(OCoLC)fst01710373 |
| 9 (RLIN) |
6363652 |
| 655 #7 - INDEX TERM--GENRE/FORM |
| Genre/form data or focus term |
Video recordings for the hearing impaired. |
| Source of term |
fast |
| -- |
(OCoLC)fst01710450 |
| 9 (RLIN) |
6363653 |
| 655 #7 - INDEX TERM--GENRE/FORM |
| Genre/form data or focus term |
Horror films. |
| Source of term |
lcgft |
| 9 (RLIN) |
6363652 |
| 655 #7 - INDEX TERM--GENRE/FORM |
| Genre/form data or focus term |
Detective and mystery films. |
| Source of term |
lcgft |
| 9 (RLIN) |
5674335 |
| 655 #7 - INDEX TERM--GENRE/FORM |
| Genre/form data or focus term |
Film remakes. |
| Source of term |
lcgft |
| 9 (RLIN) |
5712683 |
| 655 #7 - INDEX TERM--GENRE/FORM |
| Genre/form data or focus term |
Film adaptations. |
| Source of term |
lcgft |
| 9 (RLIN) |
6363651 |
| 655 #7 - INDEX TERM--GENRE/FORM |
| Genre/form data or focus term |
Feature films. |
| Source of term |
lcgft |
| 9 (RLIN) |
6363649 |
| 655 #7 - INDEX TERM--GENRE/FORM |
| Genre/form data or focus term |
Fiction films. |
| Source of term |
lcgft |
| 9 (RLIN) |
6363650 |
| 655 #7 - INDEX TERM--GENRE/FORM |
| Genre/form data or focus term |
Video recordings for the hearing impaired. |
| Source of term |
lcgft |
| 9 (RLIN) |
6363653 |
| 700 1# - ADDED ENTRY--PERSONAL NAME |
| Personal name |
Verbinski, Gore, |
| Relator term |
director. |
| 9 (RLIN) |
58166 |
| 700 1# - ADDED ENTRY--PERSONAL NAME |
| Personal name |
Watts, Naomi, |
| Dates associated with a name |
1968- |
| Relator term |
actor. |
| 9 (RLIN) |
68919 |
| 700 1# - ADDED ENTRY--PERSONAL NAME |
| Personal name |
Henderson, Martin, |
| Dates associated with a name |
1974- |
| Relator term |
actor. |
| 9 (RLIN) |
70417 |
| 700 1# - ADDED ENTRY--PERSONAL NAME |
| Personal name |
Dorfman, David, |
| Dates associated with a name |
1993- |
| Relator term |
actor. |
| 9 (RLIN) |
70175 |
| 700 1# - ADDED ENTRY--PERSONAL NAME |
| -- |
Motion picture adaptation of (work): |
| Personal name |
Suzuki, K�oji, |
| Dates associated with a name |
1957- |
| Title of a work |
Ringu. |
| 9 (RLIN) |
6132237 |
| 730 0# - ADDED ENTRY--UNIFORM TITLE |
| -- |
Remake of (expression): |
| Uniform title |
Ringu (Motion picture) |
| 9 (RLIN) |
6363654 |
| 730 0# - ADDED ENTRY--UNIFORM TITLE |
| Uniform title |
Ring (Motion picture : 2002) |
| 9 (RLIN) |
6088733 |
| 994 ## - |
| -- |
C0 |
| -- |
WACOL |